Welcome to CU Library Online Public Access Catalogue (OPAC)

Advanced accounting : (Record no. 8612)

MARC details
000 -LEADER
fixed length control field 00875cam a2200229 a 4500
001 - CONTROL NUMBER
control field 13713752
005 - DATE AND TIME OF LATEST TRANSACTION
control field 20260122101703.0
008 - FIXED-LENGTH DATA ELEMENTS--GENERAL INFORMATION
fixed length control field 040909s2006 ohu b 001 0 eng
020 ## - INTERNATIONAL STANDARD BOOK NUMBER
International Standard Book Number 0324233531
020 ## - INTERNATIONAL STANDARD BOOK NUMBER
International Standard Book Number 9780324233537
050 00 - LIBRARY OF CONGRESS CALL NUMBER
Classification number HF5635
Item number .P215 2006
100 1# - MAIN ENTRY--PERSONAL NAME
Personal name Pahler, Arnold J.
245 10 - TITLE STATEMENT
Title Advanced accounting :
Remainder of title concepts & practice /
Statement of responsibility, etc. Arnold J. Pahler.
250 ## - EDITION STATEMENT
Edition statement 9th ed.
260 ## - PUBLICATION, DISTRIBUTION, ETC.
Place of publication, distribution, etc. Mason, Ohio :
Name of publisher, distributor, etc. Thomson/South-Western,
Date of publication, distribution, etc. c2006.
300 ## - PHYSICAL DESCRIPTION
Extent xx, 967 p. ;
Dimensions 29 cm.
650 #0 - SUBJECT ADDED ENTRY--TOPICAL TERM
Topical term or geographic name entry element Accounting.
856 42 - ELECTRONIC LOCATION AND ACCESS
Materials specified Contributor biographical information
Uniform Resource Identifier <a href="http://www.loc.gov/catdir/enhancements/fy1302/2004113252-b.html">http://www.loc.gov/catdir/enhancements/fy1302/2004113252-b.html</a>
856 42 - ELECTRONIC LOCATION AND ACCESS
Materials specified Publisher description
Uniform Resource Identifier <a href="http://www.loc.gov/catdir/enhancements/fy1302/2004113252-d.html">http://www.loc.gov/catdir/enhancements/fy1302/2004113252-d.html</a>
856 41 - ELECTRONIC LOCATION AND ACCESS
Materials specified Table of contents only
Uniform Resource Identifier <a href="http://www.loc.gov/catdir/enhancements/fy1302/2004113252-t.html">http://www.loc.gov/catdir/enhancements/fy1302/2004113252-t.html</a>
942 ## - ADDED ENTRY ELEMENTS (KOHA)
Source of classification or shelving scheme Library of Congress Classification
Koha item type Books
Edition 9th Ed.
Suppress in OPAC No
999 ## -
-- 8612
-- 8612
Holdings
Withdrawn status Lost status Source of classification or shelving scheme Damaged status Not for loan Collection Home library Current library Shelving location Date acquired Total checkouts Full call number Barcode Date last seen Copy number Price effective from Koha item type
    Library of Congress Classification     Non-fiction Business Library (Miotso) Business Library (Miotso) General stacks 01/22/2026   HF5635 .P215 2006 BSSM00002311 01/22/2026 1 01/22/2026 Books
© 2023-2024 Copyright: Central University Libraries. All Rights Reserved | Created by: Mahone Tech Office